000 00380nam a2200157Ia 4500
999 _c31577
_d31577
003 OSt
005 20250707140511.0
008 250310s9999||||xx |||||||||||||| ||und||
040 _c.
082 _a823
_bR632
100 _95978
_aRobbins, Harold
245 0 _aWhere love has gone /
_cHarold Robbins
260 _bNew english library,
_c1988.
300 _a382 p.
942 _cBK
_2ddc